|
|
|
|
| LEADER |
00849cam a2200325 i 4500 |
| 001 |
000045933 |
| 003 |
5153 |
| 005 |
20030317143746.0 |
| 008 |
010220|1995 vm 000 eng |
| 020 |
|
|
|a 0750620560
|
| 040 |
|
|
|a IRC
|c IRC
|d IRC
|
| 041 |
0 |
|
|a eng
|
| 082 |
1 |
4 |
|a 530.7
|b In-R
|
| 245 |
0 |
0 |
|a Instrumentation reference book.
|
| 250 |
|
|
|a 2nd edition.
|
| 260 |
|
|
|a Oxford, [England] ; Boston :
|b Butterworth-Heinemann,
|c 1995.
|
| 300 |
|
|
|a 1v.
|
| 630 |
0 |
4 |
|a Physics.
|
| 650 |
0 |
4 |
|a Physical instruments
|v Handbooks, manuals, etc.
|
| 650 |
0 |
4 |
|a Engineering instruments
|v Handbooks, manuals, etc.
|
| OWN |
|
|
|a DUT
|
| 999 |
|
|
|a From the UDN01
|
| TYP |
|
|
|a Monograph
|
| TYP |
|
|
|a Printed language
|
| 980 |
|
|
|a Mạng thư viện Đại học Đà Nẵng
|